000 00538nam a2200217Ia 4500
003 0100
008 130227s9999 xx 000 0 und d
040 _cARRUPELIB
050 _aD16.8.C592 1993
100 _aCollingwood, R. G.
245 4 _aThe idea of history
250 _aRevised edition
260 _aNew York
260 _bOxford University Press
260 _C1993
300 _aliii
300 _b 510p. 21cm.
650 _bCatechetics - History
650 _cCatechetics - Catholic church - History
942 _2lcc
_01
999 _c919
_d919